LEADER 02830nam 2200601 450 001 9910788757503321 005 20170821171900.0 010 $a1-4704-0131-2 035 $a(CKB)3360000000464736 035 $a(EBL)3113965 035 $a(SSID)ssj0000889049 035 $a(PQKBManifestationID)11525294 035 $a(PQKBTitleCode)TC0000889049 035 $a(PQKBWorkID)10874646 035 $a(PQKB)10429320 035 $a(MiAaPQ)EBC3113965 035 $a(RPAM)1141801 035 $a(PPN)195414357 035 $a(EXLCZ)993360000000464736 100 $a20140909h19951995 uy 0 101 0 $aeng 135 $aur|n|---||||| 181 $ctxt 182 $cc 183 $acr 200 14$aThe major counting of nonintersecting lattice paths and generating functions for tableaux /$fC. Krattenthaler 210 1$aProvidence, Rhode Island :$cAmerican Mathematical Society,$d1995. 210 4$dİ1995 215 $a1 online resource (122 p.) 225 1 $aMemoirs of the American Mathematical Society,$x0065-9266 ;$vNumber 552 300 $a"May 1995, Volume 115, Number 552 (fourth of 5 numbers)." 311 $a0-8218-2613-1 320 $aIncludes bibliographical references. 327 $a""Contents""; ""I. Introduction""; ""II. Definitions and Preliminaries""; ""2.1 Definitions and Notation""; ""2.2 Two involutions and nonintersecting lattice paths""; ""III. Counting by Major Index""; ""3.1 Without restrictions""; ""3.2 With a diagonal boundary""; ""3.3 Tableaux generating functions""; ""IV. Counting by Strange Major Index""; ""4.1 Without restrictions""; ""4.2 With a diagonal boundary""; ""4.3 Tableaux generating functions""; ""V. Detailed Proofs and Auxiliary Results"" 327 $a""5.1 The major index and strange major index generating functions for lattice paths without restrictions""""5.2 A correspondence for lattice paths that cross the line x = y""; ""5.3 A correspondence for pairs of intersecting lattice paths""; ""5.4 Correspondences between tableaux and nonintersecting lattice paths""; ""5.5 A determinant lemma""; ""5.6 A multiple basic hypergeometric summation""; ""References"" 410 0$aMemoirs of the American Mathematical Society ;$vNumber 552. 606 $aGenerating functions 606 $aLattice paths 606 $aYoung tableaux 606 $aHypergeometric series 615 0$aGenerating functions. 615 0$aLattice paths. 615 0$aYoung tableaux. 615 0$aHypergeometric series. 676 $a511/.62 700 $aKrattenthaler$b C$g(Christian),$f1958-$01521093 801 0$bMiAaPQ 801 1$bMiAaPQ 801 2$bMiAaPQ 906 $aBOOK 912 $a9910788757503321 996 $aThe major counting of nonintersecting lattice paths and generating functions for tableaux$93759996 997 $aUNINA LEADER 01676cam2-22005291i-450 001 990003745770403321 005 20250407125756.0 035 $a000374577 035 $aFED01000374577 035 $a(Aleph)000374577FED01 035 $a000374577 100 $a20030910d1976----km-y0itay50------ba 101 0 $aita 102 $aIT 105 $ay-------001yy 200 1 $a<<1.: La >>stampa italiana dal Cinquecento all'Ottocento$fValerio Castronovo, Giuseppe Ricuperati, Carlo Capra$gintroduzione di Nicola Tranfaglia 210 $aBari ; Roma$cLaterza$d1976 215 $aXXIV, 566 p.$d20 cm 461 0$1001000434049$aStoria della stampa italiana$v01 610 0 $aGiornalismo$aItalia$aStoria (1500-1800) 610 0 $aBibliologia 610 0 $aArte tipografica 610 0 $aLibri antichi 676 $a075 676 $a070.1 700 1$aCastronovo,$bValerio$f<1935- >$010077 701 1$aRicuperati,$bGiuseppe$f<1936- >$0139845 701 1$aCapra,$bCarlo$f<1938- >$0134247 702 1$aTranfaglia,$bNicola$f<1938- > 801 0$aIT$bUNINA$gRICA$2UNIMARC 901 $aBK 912 $a990003745770403321 952 $aSDI-2KT 75$b2072$fSDI 952 $aXIV B 15 (1)$b1112$fFSPBC 952 $aSE 087.08.19-$b4030$fDECSE 952 $a075 CAS 1,1$b2374$fBFS 952 $a075 CAS 1,1BIS$b326$fBFS 952 $aSE 39T.02.03-1$b4030$fDECSE 952 $aST.MED.MOD.4774(1)$bIst.s.m.m.9668$fFLFBC 952 $a075 CAS 2 (1)$bI.st.r.c. 2999$fFLFBC 959 $aBFS 959 $aFSPBC 959 $aILFGE 959 $aDECSE 959 $aSDI 996 $aStampa italiana dal Cinquecento all'Ottocento$935474 997 $aUNINA LEADER 00965nam0-2200325 --450 001 9911039628003321 005 20260108134150.0 010 $a9788806185473 100 $a20251117d2007----kmuy0itay5050 ba 101 1 $aita$cfre 102 $aIT 105 $a 001yy 200 1 $a<>dannati della terra$fFrantz Fanon$gprefazione di Jean-Paul Sartre$ga cura di Liliana Ellena 210 $aTorino$cEinaudi$d2007 215 $aLIX, 230 p.$d20 cm 225 1 $aPiccola biblioteca Einaudi. Nuova serie$v350 300 $aTrad. di Carlo Cignetti. 610 0 $aColonialismo 610 0 $aDecolonizzazione 676 $a325.3$v21 700 1$aFanon,$bFrantz$0120758 702 1$aSartre,$bJean-Paul 702 1$aEllena,$bLiliana$f<1966- > 801 0$aIT$bUNINA$gREICAT$2UNIMARC 901 $aBK 912 $a9911039628003321 952 $a325.3 FAN 03$b2025/3670$fFLFBC 959 $aFLFBC 996 $aDannati della terra$9277254 997 $aUNINA